[Event "RN-2013-0-00597"]
[Site "LSS email"]
[Date "2013.01.31"]
[Round "?"]
[White "Hinestroza, Douglas"]
[Black "Wallerstorfer, Josef"]
[Result "1-0"]
[WhiteElo "766"]
[BlackElo "589"]
[PlyCount "38"]
[EventDate "2013.01.21"]
[EventType "tourn (corr)"]
[EventRounds "6"]
[EventCountry "GER"]
[SourceTitle "Corr 2015"]
[Source "ChessBase"]
[SourceDate "2015.07.17"]
[SourceVersion "1"]
[SourceVersionDate "2015.07.17"]
[SourceQuality "1"]

1. e4 e5 2. Nf3 d6 3. d4 exd4 4. Nxd4 Nf6 5. Nc3 Be7 6. Bg5 Nxe4 7. Nxe4 Bxg5 8. Nxg5 Qxg5 9. Nf3 Qe7+ 10. Be2 0-0 11. 0-0 Re8 12. Bd3 Bd7 13. Qd2 Nc6 14. Rfe1 Qf6 15. c3 Bg4 16. Be4 Bxf3 17. Bxf3 Ne5 18. Bxb7 Rab8 19. Ba6 Qg6 1-0

[Event "RN-2013-0-00597"]
[Site "LSS email"]
[Date "2013.01.31"]
[Round "?"]
[White "Hughes, Chris"]
[Black "Wallerstorfer, Josef"]
[Result "1-0"]
[WhiteElo "792"]
[BlackElo "589"]
[PlyCount "33"]
[EventDate "2013.01.21"]
[EventType "tourn (corr)"]
[EventRounds "6"]
[EventCountry "GER"]
[SourceTitle "Corr 2015"]
[Source "ChessBase"]
[SourceDate "2015.07.17"]
[SourceVersion "1"]
[SourceVersionDate "2015.07.17"]
[SourceQuality "1"]

1. d4 d5 2. c4 dxc4 3. Nf3 b5 4. a4 c6 5. Nc3 Ba6 6. e4 e6 7. Ne5 h6 8. Qf3 Nf6 9. Nxf7 Kxf7 10. e5 Be7 11. Be3 Rf8 12. g4 Nbd7 13. Be2 Qa5 14. 0-0 Kg8 15. exf6 Nxf6 16. Qg3 Qb4 17. Rfb1 1-0

[Event "RN-2013-0-00597"]
[Site "LSS email"]
[Date "2013.01.31"]
[Round "?"]
[White "Wallerstorfer, Josef"]
[Black "Linart, Ludvik"]
[Result "0-1"]
[WhiteElo "589"]
[BlackElo "773"]
[PlyCount "22"]
[EventDate "2013.01.21"]
[EventType "tourn (corr)"]
[EventRounds "6"]
[EventCountry "GER"]
[SourceTitle "Corr 2015"]
[Source "ChessBase"]
[SourceDate "2015.07.17"]
[SourceVersion "1"]
[SourceVersionDate "2015.07.17"]
[SourceQuality "1"]

1. e4 e5 2. Nf3 Nc6 3. Bc4 Bc5 4. 0-0 Nf6 5. d3 d5 6. exd5 Nxd5 7. Re1 Qd6 8. Ng5 Be6 9. Nxe6 Qxe6 10. Nc3 Nce7 11. Qf3 c6 0-1

[Event "RN-2013-0-00597"]
[Site "LSS email"]
[Date "2013.01.31"]
[Round "?"]
[White "Wallerstorfer, Josef"]
[Black "Venturas, Bob"]
[Result "0-1"]
[WhiteElo "589"]
[BlackElo "737"]
[PlyCount "22"]
[EventDate "2013.01.21"]
[EventType "tourn (corr)"]
[EventRounds "6"]
[EventCountry "GER"]
[SourceTitle "Corr 2015"]
[Source "ChessBase"]
[SourceDate "2015.07.17"]
[SourceVersion "1"]
[SourceVersionDate "2015.07.17"]
[SourceQuality "1"]

1. e4 e5 2. Nf3 Nc6 3. Bc4 h6 4. 0-0 Nf6 5. h3 Bc5 6. Nc3 0-0 7. d3 d6 8. Nh2 Nh7 9. a3 Kh8 10. Qh5 f5 11. exf5 Rxf5 0-1

[Event "RN-2013-0-00594"]
[Site "LSS email"]
[Date "2013.01.26"]
[Round "?"]
[White "Neumann, Frank"]
[Black "Wallerstorfer, Josef"]
[Result "1-0"]
[WhiteElo "562"]
[BlackElo "591"]
[PlyCount "43"]
[EventDate "2013.01.16"]
[EventType "tourn (corr)"]
[EventRounds "6"]
[EventCountry "GER"]
[SourceTitle "Telechess CBM 159"]
[Source "ChessBase"]
[SourceDate "2014.03.17"]
[SourceVersion "1"]
[SourceVersionDate "2014.03.17"]
[SourceQuality "1"]

1. b4 e5 2. Bb2 d6 3. e3 Nf6 4. Nf3 Be7 5. Be2 0-0 6. 0-0 Bf5 7. c4 Nc6 8. b5 Nb8 9. Nc3 d5 10. cxd5 Nxd5 11. Nxd5 Qxd5 12. Qc1 Bd6 13. Bc4 Qc5 14. d4 exd4 15. exd4 Qb6 16. a4 Be7 17. Qc3 Bf6 18. a5 Qd6 19. Ba3 Qd8 20. Bxf8 Qxf8 21. Rad1 Nd7 22. Ba2 1-0

[Event "ZN-2012-0-02101"]
[Site "LSS email"]
[Date "2012.11.10"]
[Round "?"]
[White "Newton, Daryl"]
[Black "Wallerstorfer, Josef"]
[Result "1-0"]
[WhiteElo "594"]
[BlackElo "720"]
[PlyCount "89"]
[EventDate "2012.11.04"]
[EventType "match (corr)"]
[EventRounds "2"]
[EventCountry "GER"]
[SourceTitle "Telechess CBM 163"]
[Source "ChessBase"]
[SourceDate "2014.11.11"]
[SourceVersion "2"]
[SourceVersionDate "2014.11.11"]
[SourceQuality "1"]

1. e4 e5 2. Nf3 d6 3. d4 exd4 4. Nxd4 h6 5. Bb5+ c6 6. Ba4 Qa5+ 7. c3 Qe5 8. Qf3 d5 9. Bf4 Qf6 10. Bc2 Bc5 11. Qe3 Ne7 12. b4 Bb6 13. a4 a6 14. Qg3 Nd7 15. Nd2 Bxd4 16. cxd4 Qxd4 17. Rb1 dxe4 18. Bxe4 Ng6 19. Be3 Qf6 20. 0-0 0-0 21. f4 Qe6 22. f5 Qe8 23. Rf3 Nf6 24. Bc2 Ne5 25. Rf2 Neg4 26. Re2 Nxe3 27. Rxe3 Qd7 28. Nc4 Nd5 29. Rf3 Qe7 30. Qh3 Qe2 31. Bd3 Qa2 32. Rg3 Kh8 33. Rf1 Nxb4 34. f6 Bxh3 35. fxg7+ Kg8 36. gxf8Q+ Kxf8 37. Rxh3 Kg7 38. Rg3+ Kf8 39. Ne5 f6 40. Rxf6+ Ke7 41. Rgg6 h5 42. Bc4 Qa1+ 43. Rf1 Qxa4 44. Rf7+ Ke8 45. Rg8# 1-0

[Event "ZN-2012-0-02097"]
[Site "LSS email"]
[Date "2012.11.05"]
[Round "?"]
[White "Wallerstorfer, Josef"]
[Black "Holmquist, Marson C"]
[Result "1-0"]
[WhiteElo "720"]
[BlackElo "573"]
[PlyCount "83"]
[EventDate "2012.10.30"]
[EventType "match (corr)"]
[EventRounds "2"]
[EventCountry "GER"]
[SourceTitle "Telechess CBM 163"]
[Source "ChessBase"]
[SourceDate "2014.11.11"]
[SourceVersion "2"]
[SourceVersionDate "2014.11.11"]
[SourceQuality "1"]

1. e4 c5 2. Nf3 Nc6 3. Bc4 Nd4 4. Nxd4 cxd4 5. Qf3 f6 6. e5 e6 7. Qh5+ g6 8. Qf3 Qc7 9. Bb3 Qxe5+ 10. Kf1 d5 11. d3 Bb4 12. Bd2 Be7 13. Bf4 Bb4 14. Bxe5 fxe5 15. Ba4+ Bd7 16. Bxd7+ Kxd7 17. Qf7+ Be7 18. Qg7 Nf6 19. Na3 Rhg8 20. Qh6 Ng4 21. Qxh7 Raf8 22. f3 Ne3+ 23. Ke2 Nxg2 24. Rhg1 Nf4+ 25. Kd2 Kd6 26. Nb5+ Kd7 27. Nxa7 Rh8 28. Qg7 Kd8 29. Qxe5 Rxh2+ 30. Kd1 Rfh8 31. Qxf4 Rf2 32. Qb8+ Kd7 33. Qxh8 Bb4 34. Qh7+ Kd6 35. Qxg6 Rxf3 36. Nb5+ Kc6 37. Nxd4+ Kd6 38. Qxe6+ Kc7 39. Rg7+ Kb8 40. Qxd5 Rf1+ 41. Ke2 Rxa1 42. Qxb7# 1-0

[Event "ZN-2012-0-02085"]
[Site "LSS email"]
[Date "2012.10.25"]
[Round "?"]
[White "Montarolo, Luca"]
[Black "Wallerstorfer, Josef"]
[Result "0-1"]
[WhiteElo "399"]
[BlackElo "720"]
[PlyCount "34"]
[EventDate "2012.10.21"]
[EventType "match (corr)"]
[EventRounds "2"]
[EventCountry "GER"]
[SourceTitle "Corr 2015"]
[Source "ChessBase"]
[SourceDate "2015.07.17"]
[SourceVersion "1"]
[SourceVersionDate "2015.07.17"]
[SourceQuality "1"]

1. e4 e5 2. Nf3 d6 3. Bb5+ Bd7 4. Bxd7+ Nxd7 5. 0-0 Qf6 6. d3 h6 7. Be3 0-0-0 8. Nbd2 Kb8 9. Nb3 g5 10. Qd2 b6 11. c4 Nc5 12. Nxc5 dxc5 13. Rfd1 g4 14. Ne1 h5 15. b3 Ne7 16. Nc2 h4 17. Bg5 Qe6 0-1

[Event "RN-2012-0-00547"]
[Site "LSS email"]
[Date "2012.10.19"]
[Round "?"]
[White "Wallerstorfer, Josef"]
[Black "Bortnicker, Justin"]
[Result "0-1"]
[WhiteElo "720"]
[BlackElo "808"]
[PlyCount "34"]
[EventDate "2012.10.10"]
[EventType "tourn (corr)"]
[EventRounds "6"]
[EventCountry "GER"]
[SourceTitle "Corr 2015"]
[Source "ChessBase"]
[SourceDate "2015.07.17"]
[SourceVersion "1"]
[SourceVersionDate "2015.07.17"]
[SourceQuality "1"]

1. e4 c5 2. Bc4 e5 3. Nf3 Nc6 4. 0-0 Be7 5. Nc3 Nf6 6. d3 0-0 7. a3 h6 8. Nd5 d6 9. Nxe7+ Qxe7 10. h3 Rb8 11. Nh2 b5 12. Ba2 Ba6 13. f4 Nd7 14. fxe5 Ndxe5 15. Qe1 Nd4 16. Bb1 Bc8 17. Qg3 Ne2+ 0-1

[Event "RN-2012-0-00523"]
[Site "LSS email"]
[Date "2012.08.23"]
[Round "?"]
[White "Wallerstorfer, Josef"]
[Black "Linart, Ludvik"]
[Result "1-0"]
[WhiteElo "796"]
[BlackElo "881"]
[PlyCount "61"]
[EventDate "2012.08.16"]
[EventType "tourn (corr)"]
[EventRounds "6"]
[EventCountry "GER"]
[SourceTitle "Telechess CBM 165"]
[Source "ChessBase"]
[SourceDate "2015.03.11"]
[SourceVersion "1"]
[SourceVersionDate "2015.03.11"]
[SourceQuality "1"]
[BlackTeam "Brazil"]
[BlackTeamCountry "BRA"]

1. e4 e5 2. Nf3 Nc6 3. Bc4 Be7 4. 0-0 Nf6 5. d3 0-0 6. Nc3 d6 7. Nd5 Nxd5 8. exd5 Na5 9. Bb5 a6 10. Ba4 b5 11. Bb3 Bg4 12. Qe2 Nxb3 13. axb3 f5 14. Qe3 f4 15. Qe4 Bf5 16. Qe1 Bg4 17. Nd2 f3 18. Nxf3 Bxf3 19. gxf3 Bg5 20. Qe4 Bxc1 21. Raxc1 Rf4 22. Qe3 Qh4 23. Kh1 Raf8 24. Qa7 Qh3 25. Rg1 Rh4 26. Rg2 Qxf3 27. Rcg1 Qxd5 28. Qxc7 Rg4 29. c4 Qa8 30. Qxd6 h6 31. Qe6+ 1-0

[Event "ZN-2012-0-02020"]
[Site "LSS email"]
[Date "2012.08.09"]
[Round "?"]
[White "Huseby, Juan Carlos"]
[Black "Wallerstorfer, Josef"]
[Result "0-1"]
[WhiteElo "540"]
[BlackElo "796"]
[PlyCount "52"]
[EventDate "2012.08.04"]
[EventType "match (corr)"]
[EventRounds "2"]
[EventCountry "GER"]
[SourceTitle "Telechess CBM 165"]
[Source "ChessBase"]
[SourceDate "2015.03.11"]
[SourceVersion "1"]
[SourceVersionDate "2015.03.11"]
[SourceQuality "1"]

1. f4 e6 2. Nf3 Bc5 3. d4 Bb6 4. e3 Nf6 5. Ne5 d6 6. Bb5+ c6 7. Be2 dxe5 8. fxe5 Nfd7 9. Nc3 0-0 10. 0-0 c5 11. d5 exd5 12. Nxd5 Nxe5 13. c4 Be6 14. e4 Nbc6 15. Nxb6 Qxb6 16. Qb3 Qc7 17. Bf4 Nd4 18. Bh6 Nxb3 19. Bf4 Nd4 20. Bd3 Nef3+ 21. gxf3 Qxf4 22. Rae1 Nxf3+ 23. Rxf3 Qxf3 24. Bf1 Rad8 25. Bg2 Qg4 26. h3 Qg3 0-1

[Event "RN-2012-0-00514"]
[Site "LSS email"]
[Date "2012.08.07"]
[Round "?"]
[White "Wallerstorfer, Josef"]
[Black "Pauk, Jozef"]
[Result "0-1"]
[WhiteElo "853"]
[BlackElo "932"]
[PlyCount "60"]
[EventDate "2012.07.27"]
[EventType "tourn (corr)"]
[EventRounds "6"]
[EventCountry "GER"]
[SourceTitle "Telechess CBM 153"]
[Source "ChessBase"]
[SourceDate "2013.03.14"]
[SourceVersion "1"]
[SourceVersionDate "2013.03.14"]
[SourceQuality "1"]

1. e4 e5 2. Nf3 d6 3. Bc4 Nf6 4. Nc3 Bg4 5. Be2 Nc6 6. 0-0 Bxf3 7. Bxf3 Nd4 8. d3 h5 9. Nd5 h4 10. h3 Nxf3+ 11. Qxf3 Nh5 12. Qg4 Nf6 13. Nxf6+ Qxf6 14. a3 c5 15. b4 g6 16. Bg5 Qe6 17. Bxh4 Qxg4 18. hxg4 Rxh4 19. f3 Be7 20. bxc5 dxc5 21. Kf2 b5 22. c3 Kf8 23. Rh1 Kg7 24. Rh3 Rah8 25. Kg3 Rxh3+ 26. Kf2 Rh2 27. a4 Bh4+ 28. Ke3 Rxg2 29. axb5 Bg5+ 30. f4 Rh3# 0-1

[Event "RN-2012-0-00514"]
[Site "LSS email"]
[Date "2012.08.06"]
[Round "?"]
[White "Simmons, Ernest"]
[Black "Wallerstorfer, Josef"]
[Result "0-1"]
[WhiteElo "804"]
[BlackElo "853"]
[PlyCount "64"]
[EventDate "2012.07.27"]
[EventType "tourn (corr)"]
[EventRounds "6"]
[EventCountry "GER"]
[SourceTitle "Telechess CBM 153"]
[Source "ChessBase"]
[SourceDate "2013.03.14"]
[SourceVersion "1"]
[SourceVersionDate "2013.03.14"]
[SourceQuality "1"]

1. d4 d5 2. c4 dxc4 3. Nc3 Nf6 4. e3 e6 5. Bxc4 Be7 6. Nf3 0-0 7. 0-0 Nc6 8. a3 a6 9. Re1 b5 10. Be2 Nd5 11. Bd2 Bb7 12. Qc2 Rc8 13. e4 Nf6 14. b4 Nxd4 15. Qb1 Nxf3+ 16. Bxf3 Qxd2 17. Qc1 Qxc1 18. Raxc1 Ne8 19. Rcd1 Bc6 20. Rd3 f5 21. e5 Bxf3 22. Rxf3 c5 23. Na2 c4 24. Nc3 Rd8 25. h3 Nc7 26. Rc1 Nd5 27. Kh2 Nxc3 28. Rcxc3 Bg5 29. g3 Rd5 30. h4 Bh6 31. Rc2 Rfd8 32. Re2 Rd3 0-1

[Event "SN-2012-0-00453"]
[Site "LSS email"]
[Date "2012.08.06"]
[Round "?"]
[White "Van Esbroeck, Jeff"]
[Black "Wallerstorfer, Josef"]
[Result "0-1"]
[WhiteElo "686"]
[BlackElo "589"]
[PlyCount "40"]
[EventDate "2012.07.25"]
[EventType "tourn (corr)"]
[EventRounds "6"]
[EventCountry "GER"]
[SourceTitle "Telechess CBM 159"]
[Source "ChessBase"]
[SourceDate "2014.03.17"]
[SourceVersion "1"]
[SourceVersionDate "2014.03.17"]
[SourceQuality "1"]

1. e4 e5 2. Nf3 d6 3. Nc3 Nf6 4. Bc4 h6 5. 0-0 Be7 6. d3 0-0 7. Bd2 Bg4 8. Nd5 Nxd5 9. Bxd5 c6 10. Bb3 Nd7 11. Qe2 Nc5 12. c3 Nxb3 13. axb3 Qb6 14. b4 c5 15. Qe3 Qb5 16. Ra5 Qc6 17. b5 Qc7 18. c4 b6 19. Ra2 Qb7 20. Ne1 Bg5 0-1

[Event "SN-2012-0-00453"]
[Site "LSS email"]
[Date "2012.08.06"]
[Round "?"]
[White "Wallerstorfer, Josef"]
[Black "Mori, Roberto"]
[Result "0-1"]
[WhiteElo "589"]
[BlackElo "643"]
[PlyCount "72"]
[EventDate "2012.07.25"]
[EventType "tourn (corr)"]
[EventRounds "6"]
[EventCountry "GER"]
[SourceTitle "Telechess CBM 159"]
[Source "ChessBase"]
[SourceDate "2014.03.17"]
[SourceVersion "1"]
[SourceVersionDate "2014.03.17"]
[SourceQuality "1"]

1. e4 e5 2. Nf3 Nc6 3. Bc4 Bc5 4. 0-0 Nf6 5. d3 h6 6. Nc3 0-0 7. Nd5 Nxd5 8. exd5 e4 9. dxe4 Ne7 10. h3 d6 11. a3 a6 12. b4 Ba7 13. Nh2 c6 14. dxc6 Nxc6 15. Kh1 Qf6 16. Ng4 Qxa1 17. Qd3 Qd4 18. Qe2 Bxg4 19. hxg4 Rfe8 20. f3 d5 21. Bd3 Bb8 22. Be3 Qe5 23. Bg1 h5 24. f4 Qe7 25. Bh2 dxe4 26. Bc4 Nd4 27. Qe3 Ba7 28. Qd2 e3 29. Qc1 hxg4 30. c3 Nf5 31. Ba2 Qh4 32. Qe1 Qh6 33. g3 Rad8 34. Kg2 Qc6+ 35. Kg1 e2+ 36. Rf2 Rd1 0-1

[Event "SN-2012-0-00446"]
[Site "LSS email"]
[Date "2012.07.14"]
[Round "?"]
[White "Mori, Roberto"]
[Black "Wallerstorfer, Josef"]
[Result "1-0"]
[WhiteElo "630"]
[BlackElo "591"]
[PlyCount "71"]
[EventDate "2012.06.21"]
[EventType "tourn (corr)"]
[EventRounds "6"]
[EventCountry "GER"]
[SourceTitle "Telechess CBM 159"]
[Source "ChessBase"]
[SourceDate "2014.03.17"]
[SourceVersion "1"]
[SourceVersionDate "2014.03.17"]
[SourceQuality "1"]

1. e4 e5 2. Nf3 d6 3. d4 exd4 4. Nxd4 Nf6 5. Nc3 Be7 6. h3 0-0 7. Be2 Nbd7 8. 0-0 Nc5 9. Be3 Ncxe4 10. Nxe4 Nxe4 11. Bf3 Nc5 12. c3 Re8 13. Re1 c6 14. Qd2 d5 15. b4 Nd7 16. a3 Ne5 17. Be2 Nc4 18. Bxc4 dxc4 19. Qe2 Bf6 20. Qc2 Qc7 21. Nf3 b5 22. a4 Bb7 23. a5 a6 24. Red1 Rad8 25. Rf1 Rd3 26. Rfe1 Rxc3 27. Qd2 Rd8 28. Bd4 Rd3 29. Qe2 Rf8 30. Bc5 Rdd8 31. Rac1 Rd3 32. Bxf8 h6 33. Bc5 Bc3 34. Qe8+ Kh7 35. Re7 Qc8 36. Qxf7 1-0

[Event "SN-2012-0-00441"]
[Site "LSS email"]
[Date "2012.06.18"]
[Round "?"]
[White "Wallerstorfer, Josef"]
[Black "Villar, Jeremias"]
[Result "1/2-1/2"]
[WhiteElo "582"]
[BlackElo "928"]
[PlyCount "72"]
[EventDate "2012.06.05"]
[EventType "tourn (corr)"]
[EventRounds "6"]
[EventCountry "GER"]
[SourceTitle "Telechess CBM 163"]
[Source "ChessBase"]
[SourceDate "2014.11.11"]
[SourceVersion "2"]
[SourceVersionDate "2014.11.11"]
[SourceQuality "1"]

1. e4 c5 2. Nf3 d6 3. Bc4 e6 4. 0-0 a6 5. a3 b5 6. Ba2 Nc6 7. d3 Nf6 8. Bg5 Be7 9. Re1 0-0 10. d4 cxd4 11. Nxd4 Bb7 12. Nc3 b4 13. axb4 Nxb4 14. Bb3 a5 15. Ba4 Rc8 16. Rc1 d5 17. exd5 Nfxd5 18. Bxe7 Qxe7 19. Qd2 Nxc3 20. bxc3 Na2 21. Ra1 Nxc3 22. Bb3 Rfd8 23. Qe3 Qc5 24. Nxe6 Qxe3 25. Rxe3 Rd6 26. Ng5 Bd5 27. Nf3 Bxf3 28. Rxf3 Rc7 29. h3 g6 30. Rxa5 Ne2+ 31. Kh2 Nd4 32. Rg3 Nxc2 33. Bxc2 Rxc2 34. Rf3 Rdd2 35. Ra8+ Kg7 36. Kg3 Rd7 1/2-1/2

[Event "ZN-2012-0-01917"]
[Site "LSS email"]
[Date "2012.04.15"]
[Round "?"]
[White "Simmons, Ernest"]
[Black "Wallerstorfer, Josef"]
[Result "1-0"]
[WhiteElo "804"]
[BlackElo "853"]
[PlyCount "95"]
[EventDate "2012.04.06"]
[EventType "match (corr)"]
[EventRounds "2"]
[EventCountry "GER"]
[SourceTitle "Telechess CBM 153"]
[Source "ChessBase"]
[SourceDate "2013.03.14"]
[SourceVersion "1"]
[SourceVersionDate "2013.03.14"]
[SourceQuality "1"]

1. d4 d5 2. c4 dxc4 3. Nc3 e6 4. e3 Nf6 5. Bxc4 Be7 6. Nf3 0-0 7. 0-0 Nc6 8. Bd3 Nb4 9. Bb1 Bd7 10. a3 Nbd5 11. Bd2 c6 12. Ne5 Bc8 13. Bd3 Nd7 14. Nf3 b6 15. e4 Nxc3 16. Bxc3 Bb7 17. Re1 Nf6 18. Ne5 Nd7 19. Nf3 c5 20. Bc2 Bf6 21. e5 Be7 22. Be4 Rb8 23. Qd3 g6 24. Bxb7 Rxb7 25. Qe4 Rb8 26. Red1 Qc8 27. Rdc1 cxd4 28. Bxd4 Qb7 29. Qxb7 Rxb7 30. b4 Nb8 31. b5 Rd7 32. a4 Rd5 33. Rc7 Rd7 34. Rxd7 Nxd7 35. Rc1 Nc5 36. Ra1 Nb3 37. Rd1 Rc8 38. g3 Rc4 39. Rd3 Nxd4 40. Rxd4 Rc1+ 41. Kg2 Rc2 42. Rd7 Bc5 43. Rd2 Rc4 44. Ra2 h6 45. Nd2 Rg4 46. Nb3 Bf8 47. f4 h5 48. h3 1-0

[Event "ZN-2012-0-01917"]
[Site "LSS email"]
[Date "2012.04.15"]
[Round "?"]
[White "Wallerstorfer, Josef"]
[Black "Simmons, Ernest"]
[Result "0-1"]
[WhiteElo "853"]
[BlackElo "804"]
[PlyCount "106"]
[EventDate "2012.04.06"]
[EventType "match (corr)"]
[EventRounds "2"]
[EventCountry "GER"]
[SourceTitle "Telechess CBM 153"]
[Source "ChessBase"]
[SourceDate "2013.03.14"]
[SourceVersion "1"]
[SourceVersionDate "2013.03.14"]
[SourceQuality "1"]

1. e4 c5 2. Nf3 d6 3. Bc4 e6 4. 0-0 Nf6 5. Nc3 Bd7 6. a3 Nc6 7. Re1 Be7 8. d4 0-0 9. d5 Nb8 10. dxe6 Bxe6 11. Nd5 Nxd5 12. exd5 Bg4 13. Qd3 Re8 14. h3 Bc8 15. Bd2 Bf6 16. c3 Nd7 17. Bb3 Ne5 18. Nxe5 Bxe5 19. Bc2 g6 20. Qe2 Bh2+ 21. Kxh2 Rxe2 22. Rxe2 Bd7 23. c4 Qf8 24. Rae1 Re8 25. Bh6 Rxe2 26. Bxf8 Rxe1 27. Bxd6 Re2 28. Bd1 Rxf2 29. Bxc5 Rxb2 30. Bxa7 Rd2 31. Bf3 Rc2 32. c5 Ra2 33. c6 bxc6 34. dxc6 Bc8 35. Bc5 Rc2 36. Bb4 Kg7 37. Kg3 Rc4 38. Bg4 Rxc6 39. Bxc8 Rxc8 40. Kf4 Rc4+ 41. Kg3 Kf6 42. Kf3 Kf5 43. g3 h5 44. h4 Rd4 45. Be7 Rd3+ 46. Ke2 Rxg3 47. a4 Rg2+ 48. Kf3 Ra2 49. Kg3 Rxa4 50. Bd8 Rg4+ 51. Kh3 Kf4 52. Bc7+ Kf3 53. Bd8 f5 0-1

[Event "ZN-2012-0-01894"]
[Site "LSS email"]
[Date "2012.03.24"]
[Round "?"]
[White "Huseby, Juan Carlos"]
[Black "Wallerstorfer, Josef"]
[Result "1/2-1/2"]
[WhiteElo "701"]
[BlackElo "898"]
[PlyCount "134"]
[EventDate "2012.03.19"]
[EventType "match (corr)"]
[EventRounds "2"]
[EventCountry "GER"]
[SourceTitle "Telechess CBM 153"]
[Source "ChessBase"]
[SourceDate "2013.03.14"]
[SourceVersion "1"]
[SourceVersionDate "2013.03.14"]
[SourceQuality "1"]

1. Nf3 d5 2. e3 Nf6 3. Bd3 Bg4 4. Nc3 e6 5. Bb5+ c6 6. Ba4 Nbd7 7. d4 e5 8. dxe5 Nxe5 9. Ke2 Nxf3 10. gxf3 Bh5 11. Rg1 Bg6 12. a3 Bd6 13. e4 dxe4 14. Bg5 exf3+ 15. Kf1 Bh5 16. Bxf6 Qxf6 17. Ne4 Qxb2 18. Nxd6+ Kf8 19. Bb3 Rd8 20. Ra2 Qe5 21. Rg3 Rxd6 22. Qe1 Qxe1+ 23. Kxe1 g6 24. c4 c5 25. Rg5 b6 26. Rd5 Re6+ 27. Kf1 Kg7 28. Rd7 Rhe8 29. Ra1 R8e7 30. Rad1 Re2 31. Rxe7 Rb2 32. Rxa7 Rxb3 33. a4 Rc3 34. a5 bxa5 35. Rxa5 Rxc4 36. Raa1 Bg4 37. Rd3 Rf4 38. Ra8 Be6 39. Rdd8 c4 40. Ra4 Rf5 41. Rd4 c3 42. Ra1 g5 43. Rc1 Rc5 44. Kg1 Bf5 45. h4 g4 46. Kh2 h5 47. Kg3 Kf6 48. Kf4 Bg6 49. Rd6+ Ke7 50. Rd4 Ke6 51. Re1+ Kf6 52. Rd6+ Kg7 53. Rd8 c2 54. Rc1 Rb5 55. Ke3 Rb1 56. Rxc2 Bxc2 57. Kf4 Rb4+ 58. Kg3 Rb1 59. Rd2 Rg1+ 60. Kf4 Bg6 61. Kg5 Rh1 62. Rd6 Rh2 63. Rf6 Rxf2 64. Rf4 Rh2 65. Rf6 f2 66. Rd6 f1Q 67. Rxg6+ fxg6 1/2-1/2

[Event "RN-2012-0-00464"]
[Site "LSS email"]
[Date "2012.03.20"]
[Round "?"]
[White "Hinestroza, Douglas"]
[Black "Wallerstorfer, Josef"]
[Result "0-1"]
[WhiteElo "778"]
[BlackElo "902"]
[PlyCount "58"]
[EventDate "2012.03.11"]
[EventType "tourn (corr)"]
[EventRounds "6"]
[EventCountry "GER"]
[SourceTitle "Corr 2015"]
[Source "ChessBase"]
[SourceDate "2015.07.17"]
[SourceVersion "1"]
[SourceVersionDate "2015.07.17"]
[SourceQuality "1"]

1. e4 e5 2. Nf3 d6 3. d4 exd4 4. Nxd4 Nf6 5. Nc3 Be7 6. Bc4 0-0 7. 0-0 Nbd7 8. Bf4 Nb6 9. Bd3 Re8 10. Re1 Bf8 11. h3 a6 12. Nf3 h6 13. Qe2 Nbd5 14. Nxd5 Nxd5 15. Bg3 Nb4 16. Bc4 d5 17. Bb3 dxe4 18. Nh2 c6 19. Qc4 Be6 20. Qc3 Bxb3 21. Qxb3 Qd2 22. c3 Nd3 23. Red1 Qxb2 24. Qxb2 Nxb2 25. Rdb1 Ba3 26. Kf1 b5 27. Ke2 Nc4 28. Rd1 Bb2 29. Rab1 Bxc3 0-1

[Event "RN-2012-0-00464"]
[Site "LSS email"]
[Date "2012.03.20"]
[Round "?"]
[White "Wallerstorfer, Josef"]
[Black "Lombardi, Donato"]
[Result "0-1"]
[WhiteElo "902"]
[BlackElo "863"]
[PlyCount "82"]
[EventDate "2012.03.11"]
[EventType "tourn (corr)"]
[EventRounds "6"]
[EventCountry "GER"]
[SourceTitle "Corr 2015"]
[Source "ChessBase"]
[SourceDate "2015.07.17"]
[SourceVersion "1"]
[SourceVersionDate "2015.07.17"]
[SourceQuality "1"]

1. e4 e6 2. d4 d5 3. e5 c5 4. c3 Nc6 5. Nf3 cxd4 6. cxd4 Qb6 7. b3 Bb4+ 8. Bd2 Nge7 9. Bxb4 Qxb4+ 10. Qd2 Bd7 11. Qxb4 Nxb4 12. Na3 a6 13. Kd2 0-0 14. Be2 Rac8 15. Rhc1 Nf5 16. g3 Nc6 17. Nc2 Na7 18. Ne3 Bb5 19. Nxf5 exf5 20. a4 Bxe2 21. Kxe2 Nc6 22. Ke3 g6 23. Rc3 Nxe5 24. Rxc8 Ng4+ 25. Kf4 Rxc8 26. Ra2 Rc3 27. Rb2 Nf6 28. h3 Nh5+ 29. Ke5 Rxf3 30. Kxd5 Kf8 31. Kd6 Rd3 32. d5 Nf6 33. Kc7 Rxd5 34. Kxb7 a5 35. Kc6 Ke7 36. Re2+ Kd8 37. Rc2 Rd7 38. Kb6 Nd5+ 39. Kxa5 Ra7+ 40. Kb5 Rb7+ 41. Kc4 Rc7+ 0-1

[Event "RN-2012-0-00464"]
[Site "LSS email"]
[Date "2012.03.20"]
[Round "?"]
[White "Wallerstorfer, Josef"]
[Black "Semenov, Zhenya"]
[Result "1-0"]
[WhiteElo "902"]
[BlackElo "881"]
[PlyCount "95"]
[EventDate "2012.03.11"]
[EventType "tourn (corr)"]
[EventRounds "6"]
[EventCountry "GER"]
[SourceTitle "Corr 2015"]
[Source "ChessBase"]
[SourceDate "2015.07.17"]
[SourceVersion "1"]
[SourceVersionDate "2015.07.17"]
[SourceQuality "1"]

1. e4 c5 2. Nf3 Nc6 3. Bc4 e6 4. 0-0 Be7 5. a3 d5 6. exd5 exd5 7. Ba2 Nf6 8. h3 0-0 9. d3 h6 10. Re1 Be6 11. Nc3 a6 12. Ne2 b5 13. Nf4 Bc8 14. c3 c4 15. dxc4 dxc4 16. Bb1 Qxd1 17. Rxd1 Bb7 18. Nd5 Nxd5 19. Rxd5 Rad8 20. Rxd8 Rxd8 21. Bc2 a5 22. Be3 b4 23. axb4 axb4 24. Kf1 Ra8 25. Rxa8+ Bxa8 26. Be4 bxc3 27. bxc3 Bb7 28. Nd2 Na5 29. Bxb7 Nxb7 30. Nxc4 Bf6 31. Bd4 Bxd4 32. cxd4 Kf8 33. Ke2 Ke7 34. Ke3 Ke6 35. Ke4 f5+ 36. Kd3 g5 37. g3 h5 38. Ne3 Nd6 39. f3 Nf7 40. Kc4 Nd6+ 41. Kc5 Nf7 42. Nc4 g4 43. hxg4 hxg4 44. d5+ Kd7 45. f4 Nd8 46. Ne3 Nb7+ 47. Kd4 Nd6 48. Ke5 1-0